1094 1046 1244 1994 1318 1939 1364 1053 1872 1618 1153 1950 1741 1067 1669 1676 1862 1178 1651 1260 1067 1120 1766 1556 1534 1360 1736 1865 1377 1865 1670 1809 1262 1636 1158 1883 1094 1657 1176 1498 1388 1398 1167 1601 1195 1590 1005 1395 1385 1180 1928 1769 1065 1883 1639 1953 1238 1150 1614 1951 1216 1674 1940 1490 1100 1867 1734 1050 1061 1040 1313 1727 1345 1958 1629 1769 1448 1068 1511 1712 1229 1640 1214 1762 1624 1976 1796 1488 1580 1099 1353 1055 1310 1189 1682 1432 1480 1873 1763 BCNSPRNW ULIB Ver.6.0+V

เปลี่ยนเป็นภาษาไทย

Change to English
 แสดงรายละเอียดบรรณานุกรม
  กลับหน้าหลัก

Brief Record : Get Marc (ISO 2709) : E-mail record : QR code < ปิดหน้าต่าง
LEADER : 00000nam 2200000uu 4500
001    13399120189
003     ULIB
008    120911s2550||||th 000 0 tha d
020    ^a9789741095605
090    ^aนว.^bฉ519ต
100 0  ^aเฉียนเฉ่าโม่ลี่
245 00 ^aตำรับรักมัดหัวใจ/^cเฉียนเฉ่าโม่ลี่
250    ^aพิมพ์ครั้งที่ 1
260    ^aกรุงเทพฯ :^bแจ่มใส,^c2550
300    ^a281 หน้า
700 0  ^aมดแดง ;^eแปล
710 1  ^aแจ่มใส
945    ^p189^l0^i15315
995    ^aวิภา
999    ^aใช้งานได้ทุกระบบ
รายการนี้ยังไม่มีแท็ก
คุณยังไม่ได้ล็อกอิน คุณสามารถมีกิจกรรมร่วมกับเว็บไซต์ได้ แต่ต้องล็อกอินก่อน ::
  ล็อกอิน

รายการสื่อสารสนเทศ

ลำดับที่ ประเภท เลขเรียก/บาร์โค้ด สถานที่ สถานะ
1. วิทยาศาสตร์การแพทย์ และสุขภาพ
วิทยาศาสตร์การแพทย์ และสุขภาพ
นว. ฉ519ต  
  Barcode: 15315
ห้องสมุดวิทยาเขตสวรรค์ประชารักษ์
►นวนิยาย
บนชั้น
  ขอยืม

BibComment


ยังไม่เคยถูกคอมเมนท์

คอมเมนท์ทรัพยากรรายการนี้
  คอมเมนท์: ตำรับรักมัดหัวใจ..


 Copyright 2026. Bcnsprnw @Library